Search the Library Catalogue
| 000 -LEADER | |
|---|---|
| fixed length control field | 00567nam a2200205Ia 4500 |
| 008 - FIXED-LENGTH DATA ELEMENTS--GENERAL INFORMATION | |
| fixed length control field | 191130s2006##################000#0#eng## |
| 020 ## - INTERNATIONAL STANDARD BOOK NUMBER | |
| ISBN | 9781580421676 |
| 082 ## - DEWEY DECIMAL CLASSIFICATION NUMBER | |
| Classification number | 795.27 JEN |
| 100 ## - MAIN ENTRY--AUTHOR NAME | |
| Personal name | Jensen, Marten |
| 245 ## - TITLE STATEMENT | |
| Title | Big book of slots and video poker |
| Statement of responsibility, etc | Marten Jensen |
| 260 ## - PUBLICATION, DISTRIBUTION, ETC. (IMPRINT) | |
| Place of publication | Brooklyn, NY |
| Name of publisher | Cardoza Publishing |
| Year of publication | 2006 |
| 300 ## - PHYSICAL DESCRIPTION | |
| Number of Pages | 221 p. : ill. ; 24 cm. |
| 650 ## - SUBJECT ADDED ENTRY--TOPICAL TERM | |
| Topical Term | Gambling systems |
| Topical Term | Slot machines |
| 991 ## - | |
| -- | 431947 |
| Withdrawn status | Lost status | Damaged status | Not for loan | Home library | Current library | Shelving location | Date acquired | Full call number | Accession Number | Price effective from | Koha item type |
|---|---|---|---|---|---|---|---|---|---|---|---|
| Anna Centenary Library | Anna Centenary Library | 6TH FLOOR, B WING | 13.10.2020 | 795.27 JEN | 459946 | 13.10.2020 | English Books |